| 000 | 00466nam a2200157Ia 4500 | ||
|---|---|---|---|
| 999 |
_c17518 _d17518 |
||
| 003 | OSt | ||
| 005 | 20200606120041.0 | ||
| 008 | 190216s9999||||xx |||||||||||||| ||und|| | ||
| 040 | _cMESKC library | ||
| 082 |
_a891.43 _bGOE/H |
||
| 100 |
_aGoel, Usha _9239 |
||
| 245 | 0 |
_aHindi Kahani Charitra Chitran Ka Vikas / _cUsha Goel |
|
| 260 |
_bMathan Publication, _aDelhi: _c1981. |
||
| 300 | _a287p | ||
| 942 |
_cBK _2ddc _h891.43 _iGOE/H _k891.43 _mGOE/H |
||